000 00870nam a2200277Ia 4500
003 OSt
005 20220928112527.0
006 a|||||r|||| 00| 0
007 ta
008 220927b |||||||| |||| 00| 0 eng d
020 _cUSD 35.00
024 _a132622
037 _b22, 21/02/2017, Better Book Service
_cReference Collections
040 _aSDCL
_cSDCL
_beng
041 _2eng
_aeng
082 _aO,1k RR, Q6
100 _aGreene Roland Ed.
_9428592
245 0 _aPrinceton handbook of poetic terms
250 _a3rd
260 _aPrinceton
_bPrinceton University Press
_c2016
300 _aix430p
_ccm.
650 _aEnglish
700 _a Cushman Stephen Ed.
_9428593
942 _hO,1k RR, Q6
_cREF
_2CC
999 _c745139
_d745139